000 00202nam a2200097Ia 4500
008 190216s9999||||xx |||||||||||||| ||und||
100 _aHumayun Kabir
245 0 _aMersena
260 _bNull
942 _cBK
999 _c23986
_d23986